Aids to the examination of the peripheral nervous system (Record no. 27073)

MARC details
000 -LEADER
fixed length control field 00451nam a2200181Ia 4500
020 ## - INTERNATIONAL STANDARD BOOK NUMBER
ISBN 9780702034473
050 ## - CALL MARK
Classification number QP 365.5 .A33/
245 #0 - TITLE STATEMENT
Title Aids to the examination of the peripheral nervous system
250 ## - EDITION / VOLUME STATEMENT
Edition / Volume statement 5th ed.
260 ## - PUBLICATION, DISTRIBUTION, ETC. (IMPRINT)
Place of publication New York
260 ## - PUBLICATION, DISTRIBUTION, ETC. (IMPRINT)
Name of publisher Saunders Elsevier
260 ## - PUBLICATION, DISTRIBUTION, ETC. (IMPRINT)
Year of publication 2010
300 ## - PHYSICAL DESCRIPTION
Number of Pages 63 p
650 ## - SUBJECT ADDED ENTRY--TOPICAL TERM
Topical Term Nerves, Peripheral.
942 ## - ADDED ENTRY ELEMENTS (KOHA)
Koha item type Books
Holdings
Withdrawn status Lost status Source of classification or shelving scheme Damaged status Not for loan Permanent Location Current Location Date acquired Full call number Accession Number Price effective from Koha item type
    Library of Congress Classification     NILE UNIVERSITY OF NIGERIA - MAIN LIBRARY NILE UNIVERSITY OF NIGERIA - MAIN LIBRARY 04/23/2025 QP 365.5 .A33/ 0188624 04/23/2025 Books